Situaciones en la enseñanza 3: ejercitación y experimentación /
Guardado en:
| Autor Principal: | |
|---|---|
| Otros Autores: | , , |
| Formato: | Libro |
| Publicado: |
Buenos Aires :
Kapelusz,
1979
|
| Series: | Bibl. de Cult. Pedagógica, 171
|
| Materias: | |
| Etiquetas: |
Agregar Etiqueta
Sin Etiquetas, Sea el primero en etiquetar este registro!
|
| LEADER | 00788nam a22002655a 4500 | ||
|---|---|---|---|
| 001 | CEM.cems000917 | ||
| 005 | 20060213000000.0 | ||
| 008 | 130507s1979##################000#0#####d | ||
| 003 | CEMS | ||
| 082 | 0 | 4 | |a 371 |
| 100 | 1 | |a Becker, Georg E. | |
| 245 | 1 | 0 | |a Situaciones en la enseñanza 3: ejercitación y experimentación / |
| 260 | |a Buenos Aires : |b Kapelusz, |c 1979 | ||
| 300 | |a 125 p. | ||
| 490 | 0 | |a Bibl. de Cult. Pedagógica, 171 | |
| 505 | 0 | |a Entrenamiento didáctico y material de entrenamiento | |
| 653 | |a Didactica | ||
| 653 | |a Educacion | ||
| 653 | |a Formacion docente | ||
| 653 | |a Pedagogia | ||
| 653 | |a Role-playing | ||
| 700 | 1 | |a Clemens-lodde, Beate | |
| 700 | 1 | |a Bilek, Renate | |
| 700 | 1 | |a Kohl, Karl | |
| 859 | |a CEMS |b BIB. CEMS - 11 de abril |h 371 |i B388/III |p 11233.82 |t Ej.1 | ||
